| 000 | 01139nam a22002777a 4500 | ||
|---|---|---|---|
| 005 | 20101206113148.0 | ||
| 008 | 101206t xxu||||| |||| 00| 0 hin d | ||
| 010 | _aHIN-93231 | ||
| 020 |
_c175.00 _a9789380050218 |
||
| 035 | _aHN-65577 | ||
| 037 | _bDBAD/PUB | ||
| 040 |
_aDPL _bHN |
||
| 082 | _aक | ||
| 100 |
_924598 _aसिद्धेश |
||
| 245 |
_aपारो तथा अन्य प्रेम कहानियाँ / _cसिद्धेश |
||
| 246 |
_aparo tatha anya prem Kahaniyan _bby Siddhesh |
||
| 260 |
_aगाजियाबाद _bअमित प्रकाशन _c2010 |
||
| 270 |
_bगाजियाबाद _aके.बी.97, कविनगर _e201002 |
||
| 300 |
_a127पृ. _c22सेमी (सजिल्द) |
||
| 650 |
_91169 _aलघु कथाएँ, हिन्दी |
||
| 650 |
_929580 _aShort Stories, Hindi |
||
| 700 | _924599 | ||
| 700 | _924924 | ||
| 942 |
_2ddc _cHN _mसिद्धेश _hक |
||
| 999 |
_c53946 _d53946 |
||